Теоретические основы информатики: учебное пособие
| Autor principal: | |
|---|---|
| Resumo: | В издании рассматриваются такие разделы классической математики, как комбинаторика, теория вероятностей, математическая логика, дискретная математика, а также ряд технических вопросов реализации информационных систем, ставших предпосылками к появлению информатики как отдельной самостоятельной дисциплины. Приводятся основная терминология, цели и задачи изучения дисциплины, задачи и упражнения для контроля знаний студентов, вопросы для самопроверки. Допущено Научно-методическим советом по информатике при Министерстве образования и науки РФ в качестве учебного пособия по дисциплине «Информатика» для студентов высших учебных заведений. |
| Idioma: | russo |
| Publicado em: |
Санкт-Петербург, Питер, 2014
|
| coleção: | Учебное пособие Стандарт третьего поколения Для бакалавров и специалистов |
| Assuntos: | |
| Formato: | Livro |
| KOHA link: | https://koha.lib.tpu.ru/cgi-bin/koha/opac-detail.pl?biblionumber=253446 |
MARC
| LEADER | 00000nam0a2200000 4500 | ||
|---|---|---|---|
| 001 | 253446 | ||
| 005 | 20231031214408.0 | ||
| 010 | |a 9785496007443 | ||
| 035 | |a (RuTPU)RU\TPU\book\275834 | ||
| 090 | |a 253446 | ||
| 100 | |a 20140313d2014 m y0rusy50 ca | ||
| 101 | 0 | |a rus | |
| 102 | |a RU | ||
| 105 | |a a j 001zy | ||
| 200 | 1 | |a Теоретические основы информатики |e учебное пособие |f А. А. Забуга | |
| 210 | |a Санкт-Петербург |c Питер |d 2014 | ||
| 215 | |a 206 с. |c ил. | ||
| 225 | 1 | |a Учебное пособие | |
| 225 | 1 | |a Стандарт третьего поколения | |
| 225 | 1 | |a Для бакалавров и специалистов | |
| 320 | |a Библиогр.: с. 195-198. | ||
| 320 | |a Алфавитный указатель: с. 199-205. | ||
| 330 | |a В издании рассматриваются такие разделы классической математики, как комбинаторика, теория вероятностей, математическая логика, дискретная математика, а также ряд технических вопросов реализации информационных систем, ставших предпосылками к появлению информатики как отдельной самостоятельной дисциплины. Приводятся основная терминология, цели и задачи изучения дисциплины, задачи и упражнения для контроля знаний студентов, вопросы для самопроверки. Допущено Научно-методическим советом по информатике при Министерстве образования и науки РФ в качестве учебного пособия по дисциплине «Информатика» для студентов высших учебных заведений. | ||
| 606 | 1 | |a Информатика |2 stltpush |3 (RuTPU)RU\TPU\subj\36202 | |
| 610 | 1 | |a информация | |
| 610 | 1 | |a информационные системы | |
| 610 | 1 | |a формальные системы | |
| 610 | 1 | |a математическая логика | |
| 610 | 1 | |a графы | |
| 610 | 1 | |a сети Петри | |
| 610 | 1 | |a алгоритмы | |
| 610 | 1 | |a машина Тьюринга | |
| 610 | 1 | |a кодирование | |
| 610 | 1 | |a комбинаторика | |
| 610 | 1 | |a теория вероятностей | |
| 610 | 1 | |a технические средства | |
| 610 | 1 | |a компьютерные сети | |
| 610 | 1 | |a структура | |
| 610 | 1 | |a безопасность | |
| 610 | 1 | |a программное обеспечение | |
| 610 | 1 | |a компьютерные вирусы | |
| 610 | 1 | |a теоретический материал | |
| 610 | 1 | |a задачи | |
| 610 | 1 | |a примеры | |
| 610 | 1 | |a учебные пособия | |
| 675 | |a 004(075.8) |v 4 | ||
| 700 | 1 | |a Забуга |b А. А. |g Александр Александрович | |
| 801 | 1 | |a RU |b 63413507 |c 20140313 | |
| 801 | 2 | |a RU |b 63413507 |c 20150630 |g RCR | |
| 900 | |a Информатика | ||
| 900 | |a Математика | ||
| 900 | |a Математическая логика и теория алгоритмов | ||
| 900 | |a Дискретная математика | ||
| 900 | |a Информационные системы | ||
| 942 | |c BK | ||
| 951 | |l 8 | ||
| 959 | |a 47/20140312 |d 5 |e 378,00 |f ЧЗТЛ:1 |f АНЛ:1 |f УФ:3 | ||